000
00256nam a22001217a 4500
008
170327b xxu||||| |||| 00| 0 eng d
041
_a
eng
080
_a
615.83
100
_a
8
101
_a
SHM
245
_a
HUMAN PAPILLOMAVIRUS
_c
MERK.C
942
_2
udc
_c
BK
999
_c
8653
_d
8653